000 00263nam a2200097Ia 4500
008 200302s9999 xx 000 0 und d
100 _aChoi Yoon Jeong
245 _aACA Architecture competition Annual - VIII
260 _bArchiworld Publication, Korea
300 _a303
999 _c7330
_d7330